| 000 | 00450cam a2200169 4500 | ||
|---|---|---|---|
| 005 | 20260309060728.0 | ||
| 008 | 250210b |||||||| |||| 00| 0 eng d | ||
| 020 | _a9781406313284 | ||
| 082 | _aFIC 813.54 BRO | ||
| 100 | 1 | _aBrown, Anthony. | |
| 245 | 1 | 4 |
_aPiggybook. _cBrown, Anthony. |
| 260 |
_aLondon : _bWalker Books Ltd. _c1996. |
||
| 300 |
_a28 p. : _c24 cm. _bill. ; |
||
| 650 | _a Fiction. | ||
| 650 | _aGifts -- Fiction. | ||
| 942 |
_2ddc _cFIC |
||
| 999 |
_c10148 _d10149 |
||